000
00249nam a2200109Ia 4500
008
190216s9999||||xx |||||||||||||| ||und||
100
_a
M R B
245
0
_a
Mula Pottiya Vithukal
260
_b
Current Books
650
_a
Essay Malayalam
942
_c
BK
999
_c
23967
_d
23967